UM Logo

Filipino women writers in English: (Record no. 3915)

MARC details
000 -LEADER
fixed length control field 00619nam a22001817a 4500
008 - FIXED-LENGTH DATA ELEMENTS--GENERAL INFORMATION
fixed length control field 160818b xxu||||| |||| 00| 0 eng d
020 ## - INTERNATIONAL STANDARD BOOK NUMBER
International Standard Book Number 9715504515
082 ## - DEWEY DECIMAL CLASSIFICATION NUMBER
Edition number 2004
Classification number DFil 809.93592
Item number M31
100 ## - MAIN ENTRY--PERSONAL NAME
9 (RLIN) 13062
Personal name Manlapaz, Edna Z.
245 ## - TITLE STATEMENT
Title Filipino women writers in English:
Remainder of title their story 1905-2002/
Statement of responsibility, etc. Edna Manlapaz
260 ## - PUBLICATION, DISTRIBUTION, ETC. (IMPRINT)
Place of publication, distribution, etc. Quezon City:
Name of publisher, distributor, etc. ADMU Press,
Date of publication, distribution, etc. c2003.
300 ## - PHYSICAL DESCRIPTION
Extent vii, 258 pages:
Other physical details illustrations;
Dimensions 25 cm.
500 ## - GENERAL NOTE
General note Includes bibliography.
650 #0 - SUBJECT ADDED ENTRY--TOPICAL TERM
9 (RLIN) 13072
Topical term or geographic name as entry element Autobiography
General subdivision Women authors
650 #0 - SUBJECT ADDED ENTRY--TOPICAL TERM
9 (RLIN) 13073
Topical term or geographic name as entry element Women authors
General subdivision Biography
Geographic subdivision Philippines
365 ## - TRADE PRICE
Price amount 300.00
Currency code Php.
942 ## - ADDED ENTRY ELEMENTS (KOHA)
Source of classification or shelving scheme Dewey Decimal Classification
Koha item type Filipiniana
Holdings
Withdrawn status Lost status Source of classification or shelving scheme Damaged status Not for loan Collection code Home library Current library Date acquired Source of acquisition Total Checkouts Full call number Barcode Date last seen Cost, replacement price Price effective from Koha item type
    Dewey Decimal Classification     Filipiniana UM Digos College - LIC UM Digos College - LIC 09/03/2004 Purchased   DFil 809.93592 M31 2003 17698 05/15/2025 300.00 08/18/2016 Filipiniana